Compounded rubber- Determination of manganese content- Sodium periodate photometric method. (Record no. 74012)

MARC details
000 -LEADER
fixed length control field 00438nam a2200145Ia 4500
245 #0 - TITLE STATEMENT
Title Compounded rubber- Determination of manganese content- Sodium periodate photometric method.
260 ## - PUBLICATION, DISTRIBUTION, ETC. (IMPRINT)
Year of publication 1975
500 ## - GENERAL NOTE
General note Standard number: ISO 1397
650 ## - SUBJECT ADDED ENTRY--TOPICAL TERM
Topical Term Compounded rubber
650 ## - SUBJECT ADDED ENTRY--TOPICAL TERM
Topical Term Manganese content
650 ## - SUBJECT ADDED ENTRY--TOPICAL TERM
Topical Term Photometric method
650 ## - SUBJECT ADDED ENTRY--TOPICAL TERM
Topical Term Sodium periodate
942 ## - ADDED ENTRY ELEMENTS (KOHA)
Koha item type Standards
Holdings
Withdrawn status Lost status Damaged status Not for loan Collection code Home library Current library Date acquired Koha item type
      Standards ISO standards RRII Library RRII Library 31/12/2021 Standards